| 000 | 00821nam a2200253 i 4500 | ||
|---|---|---|---|
| 001 | 110699 | ||
| 003 | ES-MaACL | ||
| 005 | 20240613093836.0 | ||
| 007 | t| | ||
| 008 | 070119s1985 sp ||||1| spa d | ||
| 020 | _a84-7046-401-9 | ||
| 080 | _a165.75 | ||
| 100 | 1 |
_aBolívar Botía, Antonio. _929965 |
|
| 245 | 1 | 3 |
_aEl estructuralismo: de Lévi-Strauss a Derrida / _cAntonio Bolívar Botía ; prólogo de Pedro Cerezo Galán. |
| 260 |
_aMadrid : _bCincel, _c1985. |
||
| 300 |
_a216 p. : _bil. ; _c19 cm. |
||
| 490 | 1 |
_aHistoria de la filosofía ; _v32 |
|
| 504 | _aBibliografía: p. 210-213. Indice. | ||
| 650 | 1 | 4 |
_aEstructuralismo. _912567 |
| 700 | 0 |
_aCerezo Galán, Pedro, _d1935- _937504 |
|
| 830 | 0 |
_aHistoria de la filosofía ; _v32 _9181726 |
|
| 852 |
_aES-MaACL _jL-15599 |
||
| 999 |
_c110699 _d110699 |
||